000 00594nam a2200229Ia 4500
003 OSt
005 20220924134637.0
006 a|||||r|||| 00| 0
007 ta
008 220923b |||||||| |||| 00| 0 urd d
024 _a283713
037 _cTextual
040 _aARTS
_cARTS
_burd
041 _2urd
_aurd
082 _aO168,1L97:g, L3
100 _aRehman Sayed Latif
_9208914
245 0 _aGhalib ki Shakhsiyat aur shairi
260 _c1973
650 _aURDU LITERATURE
942 _hO168,1L97:g, L3
_cTEXL
_2CC
999 _c438123
_d438123